[Event "GER-chT U20 Girls"]
[Site "Duesseldorf"]
[Date "2017.12.29"]
[Round "5.3"]
[White "Hartewig, Anja"]
[Black "Bykov, Ilona"]
[Result "1-0"]
[WhiteElo "1717"]
[BlackElo "1441"]
[PlyCount "79"]
[EventDate "2017.12.26"]
[EventType "team-swiss"]
[EventRounds "7"]
[EventCountry "GER"]
[SourceTitle "CBM 182 Extra"]
[Source "ChessBase"]
[SourceDate "2018.02.23"]
[SourceVersion "1"]
[SourceVersionDate "2018.02.23"]
[SourceQuality "1"]
[WhiteTeam "Leipzig SG"]
[BlackTeam "Karlsruhe SF"]
[WhiteTeamCountry "GER"]
[BlackTeamCountry "GER"]

1. d4 d5 2. c4 e6 3. Nf3 Nf6 4. g3 Be7 5. Bg2 0-0 6. 0-0 Nbd7 7. Nbd2 c5 8. b3 Re8 9. Bb2 cxd4 10. Bxd4 Bc5 11. cxd5 Nxd5 12. Nc4 Bxd4 13. Qxd4 Qc7 14. Rac1 N7f6 15. Nce5 Qe7 16. Rc4 Rd8 17. Qh4 h6 18. Rfc1 Ne8 19. Qh3 Bd7 20. Nxd7 Qxd7 21. Ne5 Qe7 22. Ng4 Nb6 23. Nxh6+ gxh6 24. Rh4 Qg5 25. Rg4 Qxg4 26. Qxg4+ Kh7 27. Bxb7 Rab8 28. Ba6 Nf6 29. Qf3 Kg7 30. Rc7 Ra8 31. e4 Rf8 32. h4 Nbd7 33. Qf4 Ne5 34. Qxe5 Kg6 35. f4 Rfe8 36. f5+ exf5 37. Qxf5+ Kg7 38. e5 Nd5 39. Qxf7+ Kh8 40. Qh7# 1-0

[Event "GER-chT U20 Girls"]
[Site "Duesseldorf"]
[Date "2017.12.28"]
[Round "4.3"]
[White "Bykov, Ilona"]
[Black "Jacoby, Angelina"]
[Result "1-0"]
[WhiteElo "1441"]
[BlackElo "1350"]
[PlyCount "99"]
[EventDate "2017.12.26"]
[EventType "team-swiss"]
[EventRounds "7"]
[EventCountry "GER"]
[SourceTitle "CBM 182 Extra"]
[Source "ChessBase"]
[SourceDate "2018.02.23"]
[SourceVersion "1"]
[SourceVersionDate "2018.02.23"]
[SourceQuality "1"]
[WhiteTeam "Karlsruhe SF"]
[BlackTeam "Leegebruch"]
[WhiteTeamCountry "GER"]
[BlackTeamCountry "GER"]

1. e4 Nf6 2. Nc3 e5 3. Nf3 Nc6 4. Bb5 d6 5. d4 exd4 6. Nxd4 Bd7 7. Nxc6 Bxc6 8. Bxc6+ bxc6 9. 0-0 Be7 10. Re1 0-0 11. Bf4 Rb8 12. b3 Re8 13. Qf3 Nd7 14. Rad1 Bf6 15. Bg3 Qe7 16. e5 Nxe5 17. Bxe5 Bxe5 18. Qxc6 Rb6 19. Qc4 Qd7 20. f4 Bxc3 21. Qxc3 Rbb8 22. Qd4 Ra8 23. Kf2 Qc6 24. Qd3 Rxe1 25. Rxe1 Re8 26. Rxe8+ Qxe8 27. Qa6 Qb8 28. Qc6 Qd8 29. Kf3 g6 30. Qb7 a5 31. Qd5 c5 32. c3 Qb6 33. f5 Kg7 34. Kf4 Qc7 35. g4 Qe7 36. Qe4 Qf6 37. g5 Qxf5+ 38. Qxf5 gxf5 39. Kxf5 d5 40. Ke5 Kg6 41. Kxd5 Kxg5 42. Kxc5 f5 43. Kd4 Kg4 44. Ke3 f4+ 45. Kf2 Kf5 46. Kf3 Ke5 47. a4 h6 48. h3 h5 49. h4 Kf5 50. b4 1-0

[Event "GER-chT U20 Girls"]
[Site "Duesseldorf"]
[Date "2017.12.28"]
[Round "3.3"]
[White "Moeller, Hannah Sophie"]
[Black "Bykov, Ilona"]
[Result "1-0"]
[WhiteElo "1595"]
[BlackElo "1441"]
[PlyCount "75"]
[EventDate "2017.12.26"]
[EventType "team-swiss"]
[EventRounds "7"]
[EventCountry "GER"]
[SourceTitle "CBM 182 Extra"]
[Source "ChessBase"]
[SourceDate "2018.02.23"]
[SourceVersion "1"]
[SourceVersionDate "2018.02.23"]
[SourceQuality "1"]
[WhiteTeam "Lingen"]
[BlackTeam "Karlsruhe SF"]
[WhiteTeamCountry "GER"]
[BlackTeamCountry "GER"]

1. Nf3 Nf6 2. g3 d5 3. Bg2 e6 4. 0-0 Be7 5. c4 0-0 6. d4 c5 7. Nc3 Nc6 8. a3 Re8 9. Bf4 a6 10. Rb1 dxc4 11. dxc5 Bxc5 12. Nd2 e5 13. Bg5 Be6 14. Rc1 Be7 15. Bxf6 Bxf6 16. Nce4 Rb8 17. Nxf6+ Qxf6 18. Nxc4 Red8 19. Qe1 Bd5 20. Qc3 Bxg2 21. Kxg2 Nd4 22. Qe3 Re8 23. Rfd1 Nc6 24. Rd7 Nd4 25. Nd2 Red8 26. Rxd8+ Rxd8 27. Nb3 Nxb3 28. Qxb3 b6 29. Qc4 b5 30. Qc7 h6 31. Rc6 Qg5 32. Rxa6 Qd2 33. Qxe5 Qd7 34. Rb6 Rc8 35. Qxb5 Qe7 36. Qd3 Rd8 37. Qf3 Rf8 38. b4 1-0

[Event "GER-chT U14 Girls"]
[Site "Duesseldorf"]
[Date "2016.12.29"]
[Round "5.1"]
[White "Fricke, Edna Marlene"]
[Black "Bykov, Ilona"]
[Result "1/2-1/2"]
[WhiteElo "1274"]
[BlackElo "1399"]
[PlyCount "47"]
[EventDate "2016.12.27"]
[EventType "team-swiss"]
[EventRounds "7"]
[EventCountry "GER"]
[SourceTitle "EXT 2018"]
[Source "ChessBase"]
[SourceDate "2017.10.13"]
[SourceVersion "1"]
[SourceVersionDate "2017.10.13"]
[SourceQuality "1"]
[WhiteTeam "Friedrichshagen"]
[BlackTeam "Karlsruhe SF"]
[WhiteTeamCountry "GER"]
[BlackTeamCountry "GER"]

1. e4 e5 2. Nf3 Nc6 3. Bc4 Bc5 4. d3 d6 5. Nbd2 Nf6 6. c3 Bg4 7. 0-0 Qd7 8. Re1 h6 9. a4 a5 10. Nf1 g5 11. Be3 Bh5 12. Bxc5 dxc5 13. h3 g4 14. hxg4 Qxg4 15. Ne3 Qf4 16. Kf1 Ng4 17. Nxg4 Qxg4 18. Re3 Rg8 19. g3 Rg7 20. Ke2 f5 21. exf5 Qxf5 22. Qh1 0-0-0 23. Be6+ Qxe6 24. Qxh5 1/2-1/2

[Event "GER-chT U20 Girls"]
[Site "Osnabrueck"]
[Date "2015.12.28"]
[Round "3.4"]
[White "Hagenbeck Huebert, Lara"]
[Black "Bykov, Ilona"]
[Result "1/2-1/2"]
[WhiteElo "1520"]
[BlackElo "1257"]
[PlyCount "122"]
[EventDate "2015.12.27"]
[EventType "team-swiss"]
[EventRounds "7"]
[EventCountry "GER"]
[SourceTitle "EXT 2017"]
[Source "ChessBase"]
[SourceDate "2016.10.25"]
[SourceVersion "1"]
[SourceVersionDate "2016.10.25"]
[SourceQuality "1"]
[WhiteTeam "Grimma"]
[BlackTeam "Karlsruhe"]
[WhiteTeamCountry "GER"]
[BlackTeamCountry "GER"]

1. d4 d5 2. Nf3 Nf6 3. Bf4 c5 4. Nc3 e6 5. Nb5 Qa5+ 6. Nc3 Ne4 7. Bd2 Nxd2 8. Qxd2 Nc6 9. e3 Be7 10. Be2 0-0 11. 0-0 Qb6 12. Rab1 cxd4 13. exd4 Bf6 14. Rfd1 a6 15. a3 Bd7 16. Na4 Qc7 17. Nc3 Rfc8 18. Na2 Na5 19. Bd3 b5 20. c3 Nc4 21. Qc2 a5 22. Bxh7+ Kf8 23. Bd3 Be7 24. Rdc1 Nb6 25. Qe2 Nc4 26. Ne5 Nd6 27. Rc2 Qd8 28. Nc1 Rab8 29. Nb3 b4 30. Nc5 Bb5 31. Bxb5 Rxb5 32. axb4 axb4 33. Rcc1 bxc3 34. bxc3 Rxb1 35. Rxb1 Nf5 36. Qh5 Nh6 37. Ng6+ Ke8 38. Nxe6 fxe6 39. Nxe7+ Kxe7 40. Rb7+ Rc7 41. Qg5+ Ke8 42. Qg6+ Kf8 43. Rb3 Qc8 44. Qd3 Nf7 45. h4 Kg8 46. f3 Rd7 47. f4 Nh6 48. Qf3 Qe8 49. h5 Kh8 50. g4 Qf8 51. Kh2 Rf7 52. Kg3 Kg8 53. Rb6 Qe7 54. Qe3 Rf6 55. Kh3 Qf7 56. Rb8+ Kh7 57. Qd3+ g6 58. g5 Rxf4 59. hxg6+ Qxg6 60. Qxg6+ Kxg6 61. gxh6 Rf3+ 1/2-1/2

[Event "GER-chT U18 Girls"]
[Site "Karlsruhe"]
[Date "2015.05.10"]
[Round "7.1"]
[White "Riegel, Arinna"]
[Black "Bykov, Ilona"]
[Result "1/2-1/2"]
[WhiteElo "1640"]
[BlackElo "1363"]
[PlyCount "74"]
[EventDate "2015.05.07"]
[EventType "team-swiss"]
[EventRounds "7"]
[EventCountry "GER"]
[SourceTitle "EXT 2017"]
[Source "ChessBase"]
[SourceDate "2016.10.25"]
[SourceVersion "1"]
[SourceVersionDate "2016.10.25"]
[SourceQuality "1"]
[WhiteTeam "Bad Mergentheim (W)"]
[BlackTeam "Kant Gymn (W)"]
[WhiteTeamCountry "GER"]
[BlackTeamCountry "GER"]

1. e4 e5 2. Nf3 Nc6 3. d4 exd4 4. Nxd4 Bc5 5. Be3 Qf6 6. c3 Nge7 7. Bc4 Qg6 8. Qf3 0-0 9. 0-0 d6 10. Nxc6 Nxc6 11. Bd5 Ne5 12. Qg3 Qxg3 13. hxg3 Bxe3 14. fxe3 Rb8 15. Nd2 Be6 16. Nf3 Ng4 17. Rfe1 c6 18. Bxe6 fxe6 19. Rad1 Rbd8 20. Rd3 Rd7 21. Red1 Rfd8 22. Ng5 e5 23. Ne6 Re8 24. Rxd6 Rxd6 25. Rxd6 Nxe3 26. b3 g6 27. Ng5 Re7 28. Kf2 Ng4+ 29. Ke2 Nh6 30. Ke3 Nf7 31. Nxf7 Kxf7 32. a3 Re6 33. Rd7+ Re7 34. Rd6 Ke8 35. a4 Rd7 36. Re6+ Re7 37. Rd6 Rd7 1/2-1/2

[Event "GER-chT U18 Girls"]
[Site "Karlsruhe"]
[Date "2015.05.09"]
[Round "6.1"]
[White "Bykov, Ilona"]
[Black "Shevchenko, Alyona"]
[Result "1-0"]
[WhiteElo "1363"]
[BlackElo "941"]
[PlyCount "135"]
[EventDate "2015.05.07"]
[EventType "team-swiss"]
[EventRounds "7"]
[EventCountry "GER"]
[SourceTitle "EXT 2017"]
[Source "ChessBase"]
[SourceDate "2016.10.25"]
[SourceVersion "1"]
[SourceVersionDate "2016.10.25"]
[SourceQuality "1"]
[WhiteTeam "Kant Gymn (W)"]
[BlackTeam "Karlsruhe GG (W)"]
[WhiteTeamCountry "GER"]
[BlackTeamCountry "GER"]

1. e4 e5 2. Nf3 Nc6 3. Bb5 d6 4. c3 Nf6 5. d3 a6 6. Ba4 Bg4 7. 0-0 d5 8. Qe2 Bc5 9. Bg5 0-0 10. Nbd2 Qd6 11. Bxf6 Qxf6 12. exd5 Ne7 13. Qxe5 Qxe5 14. Nxe5 Bf5 15. d4 Bd6 16. Ndf3 Nxd5 17. Nd7 Bxd7 18. Bxd7 Rad8 19. Bh3 Nf4 20. Bf5 Ne2+ 21. Kh1 c5 22. g3 cxd4 23. cxd4 Bb4 24. Rad1 Rd5 25. Bd3 Nxd4 26. Nxd4 Rxd4 27. Bxh7+ Kxh7 28. Rxd4 Bc5 29. Rd7 b5 30. Rc7 Bd4 31. b3 f6 32. Rc6 a5 33. Ra6 Bc3 34. Rb6 b4 35. Rb5 Ra8 36. Rd1 a4 37. Kg2 axb3 38. axb3 Ra3 39. Rb1 Ra1 40. Rxa1 Bxa1 41. Rxb4 Bc3 42. Rb7 Kh6 43. b4 Be5 44. Kf3 g6 45. b5 Kg5 46. Rf7 Bd4 47. Rc7 Be5 48. Rc6 Kf5 49. b6 g5 50. b7 g4+ 51. Ke3 Kg5 52. Rc8 Kg6 53. b8Q Bxb8 54. Rxb8 Kg5 55. Rg8+ Kf5 56. f3 gxf3 57. Kxf3 Ke5 58. h4 f5 59. h5 Kd4 60. h6 f4 61. g4 Kd3 62. h7 Kd4 63. h8Q+ Kd3 64. Rd8+ Kc4 65. Qd4+ Kb3 66. Qc5 Kb2 67. Rb8+ Ka1 68. Qa3# 1-0

[Event "GER-chT U18 Girls"]
[Site "Karlsruhe"]
[Date "2015.05.09"]
[Round "4.1"]
[White "Dorendorf, Lena"]
[Black "Bykov, Ilona"]
[Result "0-1"]
[WhiteElo "1125"]
[BlackElo "1363"]
[PlyCount "94"]
[EventDate "2015.05.07"]
[EventType "team-swiss"]
[EventRounds "7"]
[EventCountry "GER"]
[SourceTitle "EXT 2017"]
[Source "ChessBase"]
[SourceDate "2016.10.25"]
[SourceVersion "1"]
[SourceVersionDate "2016.10.25"]
[SourceQuality "1"]
[WhiteTeam "Gadebusch Gymn (W)"]
[BlackTeam "Kant Gymn (W)"]
[WhiteTeamCountry "GER"]
[BlackTeamCountry "GER"]

1. e4 e5 2. Nf3 Nc6 3. Nc3 Bb4 4. Bb5 a6 5. Ba4 Nf6 6. d3 0-0 7. Bd2 Re8 8. 0-0 d6 9. h3 b5 10. Bb3 Be6 11. Re1 Bc5 12. Be3 Ba7 13. Bg5 a5 14. Nxb5 Rb8 15. Nxa7 Nxa7 16. Qc1 Nc6 17. Ba4 Bd7 18. Bxc6 Bxc6 19. b3 Qe7 20. Qd2 Ra8 21. Qc3 Bb7 22. Bxf6 Qxf6 23. Qxc7 Bc8 24. Kf1 h6 25. Qc6 Ba6 26. Qc3 Bb7 27. Qd2 d5 28. c3 Bc6 29. Rac1 Bb7 30. c4 dxe4 31. dxe4 Bc6 32. Re3 Qe6 33. Qd1 Bb7 34. Re1 Red8 35. Qc2 Bc6 36. Re3 Rab8 37. Ree1 Qe8 38. Rb1 Rb4 39. Kg1 a4 40. bxa4 Rxa4 41. Re3 Raa8 42. Rbe1 Ba4 43. Qc1 Bc6 44. Qc3 Rxa2 45. Nxe5 Bb7 46. f3 Ra5 47. Nd3 Ra7 0-1

[Event "GER-chT U20 Girls"]
[Site "Naumburg Saale"]
[Date "2014.12.27"]
[Round "2.3"]
[White "Sauer, Annika"]
[Black "Bykov, Ilona"]
[Result "1-0"]
[WhiteElo "1606"]
[BlackElo "1117"]
[PlyCount "65"]
[EventDate "2014.12.27"]
[EventType "team-swiss"]
[EventRounds "7"]
[EventCountry "GER"]
[SourceTitle "EXT 2016"]
[Source "ChessBase"]
[SourceDate "2015.10.08"]
[SourceVersion "1"]
[SourceVersionDate "2015.10.08"]
[SourceQuality "1"]
[WhiteTeam "Leegebruch"]
[BlackTeam "Karlsruhe"]
[WhiteTeamCountry "GE2"]
[BlackTeamCountry "GER"]

1. d4 d5 2. Nf3 c6 3. Bf4 Bf5 4. e3 Nf6 5. Bd3 Bxd3 6. Qxd3 e6 7. Nbd2 Be7 8. 0-0 0-0 9. c4 c5 10. Rac1 cxd4 11. Nxd4 Nc6 12. Nxc6 bxc6 13. cxd5 cxd5 14. Rc2 Rc8 15. Rfc1 Rxc2 16. Rxc2 Qb6 17. Nb3 Ne4 18. f3 Nc5 19. Nxc5 Bxc5 20. Kf1 Rd8 21. a3 f6 22. b4 Bd6 23. Bxd6 Qxd6 24. Qd4 Qa6+ 25. Kf2 Qxa3 26. Qc5 Qa6 27. b5 Qb7 28. Ke2 Rd7 29. Kd3 Kf7 30. g4 Ke8 31. Qc6 Ke7 32. Qc5+ Kd8 33. Qf8# 1-0

[Event "Baden-ch U12"]
[Site "Ettlingen"]
[Date "2014.01.04"]
[Round "4"]
[White "Ning, Felix"]
[Black "Bykov, Ilona"]
[Result "1-0"]
[WhiteElo "1418"]
[BlackElo "1200"]
[PlyCount "97"]
[EventDate "2014.01.??"]
[EventType "swiss"]
[EventRounds "7"]
[EventCountry "GER"]
[SourceTitle "EXT 2022"]
[Source "ChessBase"]
[SourceDate "2021.10.06"]
[SourceVersion "1"]
[SourceVersionDate "2021.10.06"]
[SourceQuality "1"]

1. d4 d5 2. c4 e6 3. Nc3 Nf6 4. Nf3 Bd6 5. e3 Nbd7 6. Qb3 c6 7. Bd3 0-0 8. 0-0 e5 9. cxd5 cxd5 10. e4 dxe4 11. Nxe4 Nxe4 12. Bxe4 Rb8 13. Qc2 Nf6 14. dxe5 Nxe4 15. exd6 Nxd6 16. Rd1 Qf6 17. Qc7 Bg4 18. Rxd6 Qf5 19. Nd4 Qe4 20. Be3 Qe5 21. Rd7 Qf6 22. Rd5 h6 23. Qg3 Be6 24. Nxe6 fxe6 25. Bd4 Qe7 26. Rh5 Kh7 27. Bc5 Qd7 28. Bxf8 Rxf8 29. Rc5 Rd8 30. Rcc1 b6 31. h3 Rg8 32. Rc7 Qd4 33. Rxa7 Qxb2 34. Re1 Qf6 35. Qd3+ Kh8 36. Ra6 e5 37. Qb5 Qf7 38. Rxe5 Qc7 39. Rxb6 Qc1+ 40. Qf1 Qc7 41. Reb5 Qf7 42. Qb1 Qc7 43. Rb8 Rd8 44. Rxd8+ Qxd8 45. Rb8 Qg8 46. Qb3 Kh7 47. Rxg8 h5 48. Qf7 h4 49. Qxg7# 1-0

[Event "GER-chT U14 Girls"]
[Site "Magdeburg"]
[Date "2013.12.28"]
[Round "4.2"]
[White "Bykov, Ilona"]
[Black "Schulz, Theresa Charlotte"]
[Result "0-1"]
[WhiteElo "1200"]
[BlackElo "1283"]
[PlyCount "148"]
[EventDate "2013.12.27"]
[EventType "team-swiss"]
[EventRounds "4"]
[EventCountry "GER"]
[SourceTitle "EXT 2015"]
[Source "ChessBase"]
[SourceDate "2014.11.20"]
[SourceVersion "1"]
[SourceVersionDate "2014.11.20"]
[SourceQuality "1"]
[WhiteTeam "Karlsruhe"]
[BlackTeam "Erfurt Empor"]
[WhiteTeamCountry "GER"]
[BlackTeamCountry "GER"]

1. e4 c5 2. c3 d5 3. exd5 Qxd5 4. d4 e6 5. Nf3 Nf6 6. Bd3 Be7 7. Be3 b6 8. Nbd2 cxd4 9. cxd4 0-0 10. Qc2 Bb7 11. Qc4 Nc6 12. 0-0 Rac8 13. Rac1 Qd6 14. Qb3 Ng4 15. Ne4 Qb8 16. Bb5 Nxd4 17. Bxd4 Bxe4 18. g3 Qb7 19. Be2 Bd5 20. Qd3 a5 21. a3 Be4 22. Qb3 Rb8 23. a4 Rfd8 24. Rfd1 Bd5 25. Qd3 Rbc8 26. Rxc8 Rxc8 27. Ne5 Nxe5 28. Bxe5 Qc6 29. Qb5 Qxb5 30. Bxb5 f6 31. Bc3 Bc6 32. Bxc6 Rxc6 33. Kf1 Rc4 34. Ke2 Rxa4 35. Rd7 Bc5 36. f3 Ra1 37. Rd2 Rh1 38. Kd3 Re1 39. Rc2 Re3+ 40. Kc4 Rxf3 41. Rd2 Rf2 42. Rd8+ Kf7 43. h3 Rf3 44. Be1 Bf2 45. Bc3 Rxg3 46. h4 Rg4+ 47. Kd3 Rxh4 48. Ke2 Rh2 49. Kf3 Ke7 50. Rg8 Kf7 51. Rd8 Bc5 52. Rd7+ Kg6 53. Kg3 Rc2 54. Rd1 Ba3 55. Bxf6 gxf6 56. bxa3 Rc3+ 57. Kf4 Rxa3 58. Rg1+ Kf7 59. Rb1 Ra4+ 60. Ke3 Rb4 61. Rh1 a4 62. Rxh7+ Kg6 63. Ra7 Rb3+ 64. Ke4 a3 65. Kf4 e5+ 66. Ke4 b5 67. Ra6 Rb4+ 68. Ke3 Ra4 69. Rb6 a2 70. Rxb5 a1Q 71. Rd5 Qc3+ 72. Ke2 Ra2+ 73. Kf1 Qc1+ 74. Rd1 Qxd1# 0-1

[Event "GER-chT U14 Girls"]
[Site "Magdeburg"]
[Date "2012.12.30"]
[Round "7.3"]
[White "Bykov, Ilona"]
[Black "Hinzke, Anna Lena"]
[Result "0-1"]
[WhiteElo "1126"]
[BlackElo "1458"]
[PlyCount "84"]
[EventDate "2012.12.27"]
[EventType "team-swiss"]
[EventRounds "7"]
[EventCountry "GER"]
[SourceTitle "EXT 2014"]
[Source "ChessBase"]
[SourceDate "2013.11.20"]
[SourceVersion "1"]
[SourceVersionDate "2013.11.20"]
[SourceQuality "1"]
[WhiteTeam "Karlsruhe 1853"]
[BlackTeam "Oesede Georgsmarienhuette"]
[WhiteTeamCountry "GER"]
[BlackTeamCountry "GER"]

1. e4 e6 2. d4 d5 3. Nc3 Bb4 4. Bd3 dxe4 5. Bxe4 Nf6 6. Bf3 0-0 7. Nge2 Nc6 8. Be3 Nd5 9. 0-0 Nxe3 10. fxe3 Qg5 11. Qd3 Rd8 12. Ne4 Qe7 13. c3 Ne5 14. Qc2 Nxf3+ 15. Rxf3 Bd6 16. Raf1 f5 17. Nxd6 Rxd6 18. Qb3 Rb6 19. Qc2 Bd7 20. Nf4 Bc6 21. R3f2 Be4 22. Qe2 g6 23. Nd3 Rc8 24. Nc5 Bc6 25. a4 Qe8 26. a5 Rb5 27. c4 Rxa5 28. Nxb7 Bxb7 29. b3 c5 30. Rd1 Rd8 31. Qd2 Ra6 32. Qc3 e5 33. Rfd2 cxd4 34. exd4 exd4 35. Qf3 Bxf3 36. gxf3 Qe3+ 37. Kg2 Ra1 38. Rxa1 Qxd2+ 39. Kg3 Qg5+ 40. Kf2 Rd7 41. Rg1 Qxg1+ 42. Kxg1 d3 0-1

[Event "GER-chT U14 Girls"]
[Site "Magdeburg"]
[Date "2012.12.29"]
[Round "6.3"]
[White "Bykov, Ilona"]
[Black "Fromm, Katja"]
[Result "0-1"]
[WhiteElo "1126"]
[BlackElo "1577"]
[PlyCount "68"]
[EventDate "2012.12.27"]
[EventType "team-swiss"]
[EventRounds "7"]
[EventCountry "GER"]
[SourceTitle "EXT 2014"]
[Source "ChessBase"]
[SourceDate "2013.11.20"]
[SourceVersion "1"]
[SourceVersionDate "2013.11.20"]
[SourceQuality "1"]
[WhiteTeam "Karlsruhe 1853"]
[BlackTeam "Muldental Wilkau Hasslau"]
[WhiteTeamCountry "GER"]
[BlackTeamCountry "GER"]

1. e4 c6 2. d4 d5 3. Nc3 dxe4 4. Nxe4 Bf5 5. Ng3 Bg6 6. N1e2 e6 7. Nf4 Nf6 8. Bc4 Bd6 9. 0-0 0-0 10. Nxg6 hxg6 11. Be3 Qc7 12. Qf3 Nd5 13. Bg5 Nd7 14. Bd3 Rab8 15. c4 N5f6 16. c5 Bxg3 17. fxg3 Nd5 18. Rf2 N7f6 19. Raf1 Rbd8 20. Bf4 Nxf4 21. Qxf4 Qxf4 22. Rxf4 Rd7 23. Bc4 Rfd8 24. Rd1 g5 25. Rf2 Ne4 26. Re2 Nxc5 27. Re5 b6 28. Rxg5 Rxd4 29. Rxd4 Rxd4 30. Ba6 Nxa6 31. Re5 Nc5 32. Re2 Ne4 33. g4 Rd1+ 34. Re1 Rxe1# 0-1

[Event "GER-chT U14 Girls"]
[Site "Magdeburg"]
[Date "2012.12.28"]
[Round "4.3"]
[White "Bykov, Ilona"]
[Black "Pfeufer, Helena"]
[Result "1-0"]
[WhiteElo "1126"]
[BlackElo "1012"]
[PlyCount "93"]
[EventDate "2012.12.27"]
[EventType "team-swiss"]
[EventRounds "7"]
[EventCountry "GER"]
[SourceTitle "EXT 2014"]
[Source "ChessBase"]
[SourceDate "2013.11.20"]
[SourceVersion "1"]
[SourceVersionDate "2013.11.20"]
[SourceQuality "1"]
[WhiteTeam "Karlsruhe 1853"]
[BlackTeam "Mainaschaff"]
[WhiteTeamCountry "GER"]
[BlackTeamCountry "GER"]

1. e4 e5 2. Nf3 Nc6 3. Bc4 Bc5 4. c3 Nf6 5. d4 exd4 6. cxd4 Bb4+ 7. Nc3 Nxe4 8. 0-0 Nxc3 9. bxc3 Bxc3 10. Qb3 0-0 11. Qxc3 d5 12. Bd3 Re8 13. Bf4 Be6 14. Rab1 Rb8 15. Rfe1 Qd7 16. Ne5 Nxe5 17. Bxe5 Rec8 18. Bc2 b6 19. Qd3 g6 20. Qe3 Qe7 21. Qh6 f6 22. Bg3 Re8 23. Bb3 Rbd8 24. Rbc1 c5 25. Qe3 c4 26. Ba4 Rf8 27. Qxe6+ Qf7 28. Qxf7+ Kxf7 29. Re3 Rc8 30. Bd7 Rc7 31. Bxc7 a6 32. Be6+ Ke7 33. Bxd5+ Kd7 34. Bxb6 Rb8 35. Ba5 Kd6 36. Bxc4 Kc6 37. Bxa6+ Kd5 38. h3 Kxd4 39. Rd3+ Ke5 40. Re1+ Kf5 41. g4+ Kg5 42. Bd2+ Kh4 43. Rd4 Kxh3 44. Re3+ Kh4 45. g5+ Kxg5 46. Rf3+ Kh5 47. Rh3# 1-0

[Event "GER-chT U14 Girls"]
[Site "Magdeburg"]
[Date "2012.12.28"]
[Round "3.3"]
[White "Lukin, Jana"]
[Black "Bykov, Ilona"]
[Result "1-0"]
[WhiteElo "1203"]
[BlackElo "1126"]
[PlyCount "93"]
[EventDate "2012.12.27"]
[EventType "team-swiss"]
[EventRounds "7"]
[EventCountry "GER"]
[SourceTitle "EXT 2014"]
[Source "ChessBase"]
[SourceDate "2013.11.20"]
[SourceVersion "1"]
[SourceVersionDate "2013.11.20"]
[SourceQuality "1"]
[WhiteTeam "Chemnitz Aufbau"]
[BlackTeam "Karlsruhe 1853"]
[WhiteTeamCountry "GER"]
[BlackTeamCountry "GER"]

1. c4 e5 2. Nf3 Nc6 3. g3 Nf6 4. d3 d6 5. Nc3 Bg4 6. Bg2 Be7 7. 0-0 0-0 8. Bd2 Qd7 9. a3 Bh3 10. Rb1 Bxg2 11. Kxg2 d5 12. cxd5 Nxd5 13. Nxd5 Qxd5 14. Bc3 Bf6 15. b4 e4 16. dxe4 Qxd1 17. Rfxd1 Bxc3 18. b5 Ne5 19. Rdc1 Nxf3 20. exf3 Bf6 21. Rxc7 b6 22. a4 Rfc8 23. Rbc1 Rxc7 24. Rxc7 Kf8 25. f4 Ke8 26. e5 Bd8 27. Rb7 a6 28. f5 axb5 29. axb5 Ra7 30. Rxa7 Kf8 31. e6 f6 32. e7+ Bxe7 33. Ra8+ Kf7 34. Ra7 Kf8 35. Rb7 Bc5 36. h4 h6 37. g4 Bd4 38. h5 Bc5 39. Kf3 Bd4 40. Ke4 Bxf2 41. Kd5 Bc5 42. Ke6 Kg8 43. Rb8+ Kh7 44. Kf7 Bd6 45. Rg8 Bf8 46. Kxf8 g6 47. fxg6# 1-0

[Event "GER-ch U10"]
[Site "Oberhof"]
[Date "2012.05.30"]
[Round "7"]
[White "Bykov, Ilona"]
[Black "Stork, Oliver"]
[Result "0-1"]
[WhiteElo "937"]
[BlackElo "1216"]
[PlyCount "102"]
[EventDate "2012.05.27"]
[EventType "swiss"]
[EventRounds "11"]
[EventCountry "GER"]
[SourceTitle "CBM 148 Extra"]
[Source "ChessBase"]
[SourceDate "2012.06.22"]
[SourceVersion "1"]
[SourceVersionDate "2012.06.22"]
[SourceQuality "1"]

1. e4 c5 2. Nc3 Nc6 3. Bc4 e6 4. Nf3 a6 5. a4 Nf6 6. d3 d5 7. exd5 exd5 8. Ba2 Bg4 9. 0-0 Nd4 10. Re1+ Be7 11. Kh1 0-0 12. Bf4 Re8 13. Rb1 b5 14. Ra1 Qd7 15. Bb3 Nxb3 16. cxb3 b4 17. Nb1 Rad8 18. Nbd2 Nh5 19. Be3 d4 20. Bxd4 cxd4 21. h3 Bxf3 22. Qxf3 g6 23. Re2 Bg5 24. Ne4 Qd5 25. g4 Ng7 26. Rc1 Qe5 27. Rc5 Qf4 28. Qxf4 Bxf4 29. Kg2 f5 30. Nf6+ Kf7 31. Nd5 Rxe2 32. Nxf4 Rxb2 33. Rc7+ Kg8 34. Ra7 Rxb3 35. Rxa6 Rb8 36. Ne2 Ra3 37. Nxd4 Rxd3 38. Nb5 b3 39. Na3 b2 40. Nb1 Rd1 41. Nc3 Rc1 42. Nb1 Rxb1 43. a5 Rg1+ 44. Kxg1 b1Q+ 45. Kg2 Qe4+ 46. f3 Qe3 47. Rc6 f4 48. Rc2 Rb1 49. Rf2 Qe1 50. Rf1 Qxf1+ 51. Kh2 Qh1# 0-1

[Event "GER-ch U10"]
[Site "Oberhof"]
[Date "2012.05.28"]
[Round "4"]
[White "Wastian, Mareike"]
[Black "Bykov, Ilona"]
[Result "1-0"]
[WhiteElo "1174"]
[BlackElo "937"]
[PlyCount "163"]
[EventDate "2012.05.27"]
[EventType "swiss"]
[EventRounds "11"]
[EventCountry "GER"]
[SourceTitle "CBM 148 Extra"]
[Source "ChessBase"]
[SourceDate "2012.06.22"]
[SourceVersion "1"]
[SourceVersionDate "2012.06.22"]
[SourceQuality "1"]

1. e4 e5 2. Nf3 Nc6 3. Bb5 Nf6 4. 0-0 Nxe4 5. d4 a6 6. Bxc6 dxc6 7. dxe5 Bd7 8. Be3 Nc5 9. Nc3 f6 10. exf6 Qxf6 11. Qd2 h6 12. Bd4 Qf7 13. Rfe1+ Be6 14. Qe3 b6 15. Bxc5 Bxc5 16. Qxe6+ Qxe6 17. Rxe6+ Kd7 18. Re4 Rad8 19. Rd1+ Bd6 20. Ne5+ Kc8 21. Nxc6 Rd7 22. Ne5 Re7 23. Nd3 Rd7 24. Rde1 Kd8 25. Kf1 b5 26. a3 c5 27. Ne5 Rc7 28. Rf4 Kc8 29. Rf7 Bxe5 30. Rxc7+ Bxc7 31. Re6 b4 32. axb4 cxb4 33. Nd5 Rd8 34. Nxb4 a5 35. Nd3 Kd7 36. Rg6 Rg8 37. Nc5+ Ke7 38. h3 Kf7 39. Rc6 Be5 40. c3 Rd8 41. Ke2 Rd5 42. Nd3 Bd6 43. Ra6 Ke6 44. Nf4+ Ke5 45. Nxd5 Kxd5 46. Rxa5+ Ke4 47. Ra6 Be5 48. c4 Bxb2 49. c5 Kd5 50. c6 Kd6 51. Kd3 Kc7 52. Kc4 g5 53. Kb5 Bd4 54. Ra4 Bxf2 55. Re4 Bg3 56. Re7+ Kd8 57. Rd7+ Kc8 58. Kb6 Bf2+ 59. Ka6 Bg3 60. Kb5 Kb8 61. Kc4 Kc8 62. Kd5 h5 63. Ke6 g4 64. hxg4 hxg4 65. Rd3 Bh4 66. Kd6 Bg5 67. Rd4 Bh4 68. Rxg4 Bf6 69. Rg6 Bh4 70. g3 Bxg3+ 71. Kc5 Bf2+ 72. Kb5 Kc7 73. Rg7+ Kc8 74. c7 Bb6 75. Kc6 Bxc7 76. Rxc7+ Kd8 77. Kd6 Ke8 78. Ra7 Kf8 79. Ke6 Kg8 80. Kf6 Kh8 81. Kg6 Kg8 82. Ra8# 1-0

[Event "Baden-ch U10"]
[Site "Karlsruhe"]
[Date "2012.01.04"]
[Round "3"]
[White "Rosswag, Julian"]
[Black "Bykov, Ilona"]
[Result "0-1"]
[WhiteElo "951"]
[BlackElo "802"]
[PlyCount "52"]
[EventDate "2012.01.03"]
[EventType "swiss"]
[EventRounds "7"]
[EventCountry "GER"]
[SourceTitle "EXT 2015"]
[Source "ChessBase"]
[SourceDate "2014.11.20"]
[SourceVersion "1"]
[SourceVersionDate "2014.11.20"]
[SourceQuality "1"]

1. c4 e5 2. Nc3 Bb4 3. Nf3 Nc6 4. g3 Nf6 5. Bg2 0-0 6. 0-0 d6 7. d4 Bxc3 8. bxc3 e4 9. Ng5 Re8 10. h3 h6 11. Nxf7 Kxf7 12. Rb1 d5 13. cxd5 Nxd5 14. c4 Nc3 15. Qc2 Nxb1 16. Qxb1 Nxd4 17. Qb2 Bf5 18. Be3 c5 19. Qxb7+ Qd7 20. Qb2 Rab8 21. Qd2 Rb6 22. g4 Bg6 23. f3 Kg8 24. fxe4 Bxe4 25. Bxe4 Rxe4 26. Qd3 Rbe6 0-1